Taylor Swift - Paroles Thug Story (T-Swizzle feat. T-Pain) - Statistiques

Statistiques générales
  • Ce quiz a été pris 21 fois
  • Le résultat moyen est 129 sur 256
Statistiques - réponses
Hint Réponse % Correct
I
92%
a
83%
A
83%
in
83%
In
83%
like
83%
s-
83%
No
75%
no
75%
the
75%
T-Swizzle
75%
(T-Swizzle)
75%
yo
75%
yo!
75%
"Yo"
75%
ain't
67%
foot
67%
got
67%
Couplet 1 I'm
67%
"I'M
67%
me
67%
my
67%
rap
67%
Still
67%
still
67%
thug
67%
You
67%
you
67%
8
58%
about
58%
been
58%
blond
58%
but
58%
By
58%
club
58%
cookies
58%
floor
58%
gangsta,
58%
gangsta
58%
gun,
58%
hair
58%
Intro Hey
58%
Hey,
58%
live
58%
made
58%
never
58%
oh-oh
58%
parents,
58%
rapping
58%
so
58%
story,
58%
story
58%
to
58%
T-Pain
58%
Whoa
58%
with
58%
and
50%
at
50%
baking
50%
clubbing,
50%
don't
50%
Don't
50%
hardcore
50%
It's
50%
it's
50%
just
50%
night
50%
on
50%
ON
50%
on...
50%
on,
50%
out
50%
really
50%
that?
50%
thought
50%
4,
42%
can
42%
caramel
42%
dream
42%
dreamed
42%
fight
42%
find
42%
make,
42%
same
42%
say
42%
Shorty
42%
tell
42%
T-Pizzle
42%
(T-Pizzle)
42%
track
42%
Ugh!
42%
wanna
42%
who
42%
anything
33%
*bleep*
33%
delights
33%
didn-
33%
didn't
33%
didn't,
33%
even
33%
extra
33%
had
33%
last
33%
said
33%
shorties
33%
tee
33%
white
33%
are
25%
BOOOOAAT"
25%
diamonds
25%
get
25%
handle
25%
high-top
25%
mic
25%
mouth,
25%
Nikes
25%
now
25%
rapper
25%
She
25%
she
25%
singer
25%
Singer
25%
singing
25%
small
25%
star
25%
time
25%
T-Swift
25%
turned
25%
was
25%
woke
25%
ya
25%
all
17%
bleeped
17%
call
17%
‘Cause
17%
guys
17%
Hello?
17%
hold
17%
Hold
17%
Straight
17%
swear
17%
them
17%
top,
17%
top
17%
T-Sweezy
17%
up
17%
Outro What!
17%
What?
17%
knit
8%
sweaters
8%
test
8%
Yup
0%
Aucun quiz correspondant
Distribution des résultats
% des personnes avec chaque résultat
Percentile par nombre de réponses
Votre historique - résultats
Vous n’avez pas pris ce quiz